00000000nam##2200000za#4500
0019.658171
003CaOODSP
00520210615115944
007ta
008150407|1995||||xxc|||||     f|0| 0 eng|d
020 |a0-662-62144-1
040 |aCaOODSP|beng
041 |aeng
041 |afre
043 |an-cn---
0861 |aSE1-9/1995
1101 |aCanada.|bElections Canada. |bChief Electoral Officer of Canada.
24510|aElection of the thirteenth Legislative Assembly of the Northwest Territories, 1995: official voting results / |cPublished by the Chief Electoral Officer of Canada.
260 |aOttawa - Ontario : |bElections Canada. |c1995.
300 |aEnglish text, pp. 1-40. : |btables ; |c28 cm.
500 |a"This report also includes the poll-by-poll results of voting in the by-election held May 8, 1995, in the electoral district of Aivilik."--Letter of transmittal.
5203 |aThis report also includes the poll-by-poll results of voting in the by-election held May 8, 1995, in the electoral district of Aivilik.--Letter of transmittal
546 |aText in English, French and Inuktitut
563 |aSoftcover
590 |a96-05|b1996-02-02
69007|aElections|2gcpds
792 |tÉlection de la treizième Assemblée législative des Territoires du Nord-Ouest, 1995: résultats officiels du scrutin / |efre|w(CaOODSP)9.658172